Diritto minorile / 2 Sistema penale minorile, misure rieducative, diritto civile minorile
| Autor principal: | |
|---|---|
| Tipo de documento: | Print Libro |
| Lenguaje: | Italiano |
| Publicado: |
Milano
Giuffrè
1976
|
| En: |
Diritto minorile
Año: 1976 |
| Edición: | 3. ed., aggiornata ed ampliata |
| Disponibilidad en Tübingen: | Disponible en Tübingen. UB: KB 13 A 61-2 |
| Verificar disponibilidad: | HBZ Gateway |
| Servicio de pedido Subito: | Pedir ahora. |
MARC
| LEADER | 00000cam a22000002cc4500 | ||
|---|---|---|---|
| 001 | 1090544839 | ||
| 003 | DE-627 | ||
| 005 | 20220514123039.0 | ||
| 007 | tu | ||
| 008 | 900523s1976 xx ||||| 00| ||ita c | ||
| 035 | |a (DE-627)1090544839 | ||
| 035 | |a (DE-576)020544839 | ||
| 035 | |a (DE-599)BSZ020544839 | ||
| 035 | |a (OCoLC)311253974 | ||
| 040 | |a DE-627 |b ger |c DE-627 |e rakwb | ||
| 041 | |a ita | ||
| 100 | 1 | |a Baviera, Ignazio |4 aut | |
| 245 | 1 | 0 | |a Diritto minorile |n 2 |p Sistema penale minorile, misure rieducative, diritto civile minorile |
| 250 | |a 3. ed., aggiornata ed ampliata | ||
| 264 | 1 | |a Milano |b Giuffrè |c 1976 | |
| 300 | |a 763 S. | ||
| 336 | |a Text |b txt |2 rdacontent | ||
| 337 | |a ohne Hilfsmittel zu benutzen |b n |2 rdamedia | ||
| 338 | |a Band |b nc |2 rdacarrier | ||
| 583 | 1 | |a Archivierung prüfen |c 20200919 |f DE-640 |z 2 |2 pdager | |
| 773 | 1 | 8 | |a Diritto minorile |w (DE-627)1090544677 |w (DE-576)020544677 |g 2 |q 2 |7 nnam |
| 951 | |a MV | ||
| ELC | |b 1 | ||
| LOK | |0 000 xxxxxcx a22 zn 4500 | ||
| LOK | |0 001 2145306935 | ||
| LOK | |0 003 DE-627 | ||
| LOK | |0 004 1090544839 | ||
| LOK | |0 005 20020606000000 | ||
| LOK | |0 008 900523||||||||||||||||ger||||||| | ||
| LOK | |0 040 |a DE-21 |c DE-627 |d DE-21 | ||
| LOK | |0 852 |a DE-21 | ||
| LOK | |0 852 1 |c KB 13 A 61-2 |9 00 | ||
| LOK | |0 935 |a krim | ||
| LOK | |0 936ln |a k4.2.4 | ||
| LOK | |0 939 |a 23-05-90 |b l01 | ||
| ORI | |a SA-MARC-krimdoka001.raw | ||
| SIG | |a UB: KB 13 A 61-2 | ||
